Image components of marketing-orientated firm

Firemný imidž ako suma aktivít a opatrení finančnej kultúry, firemnej identity a firemného dizajnu, ktoré sa zabezpečujú firemnou komunikáciou. Obsahové vymedzenie firemnej kultúry, firemnej identity, firemného dizajnu a firemnej komunikácie.

Salvato in:
Dettagli Bibliografici
Autore principale: Čihovská, Viera
Altri autori: Hanuláková, Eva, 1964-, Lipianska, Júlia
Natura: Capitolo di libro
Lingua:inglese
Soggetti:
Tags: Aggiungi Tag
Nessun Tag, puoi essere il primo ad aggiungerne!!

MARC

LEADER 00000naa a2200000 4500
001 r044602
005 20240502071338.8
041 0 |a eng 
044 |a SK 
245 1 0 |a Image components of marketing-orientated firm  |c Viera Čihovská, Eva Hanuláková, Júlia Lipianska 
520 |a Firemný imidž ako suma aktivít a opatrení finančnej kultúry, firemnej identity a firemného dizajnu, ktoré sa zabezpečujú firemnou komunikáciou. Obsahové vymedzenie firemnej kultúry, firemnej identity, firemného dizajnu a firemnej komunikácie. 
610 2 0 |a kultúra podniková 
610 2 0 |a kultúra pracoviska 
610 2 0 |a dizajn 
610 2 0 |a komunikácia marketingová 
610 2 0 |a identita podniková 
100 1 |a Čihovská, Viera 
700 1 |a Hanuláková, Eva, 1964- 
700 1 |a Lipianska, Júlia